00891nam a22002177a 4500999001300000001000500013003000900018005001700027008004100044040003800085082002300123245015500146260005900301300002800360650002600388650004700414651003800461710004200499942001200541952012000553 c951d9512793BD-DhUAP20200129120213.0200129s1996 bg ||||| |||| 00| 0 eng d aBD-DhUAPbEngcBD-DhUAPdBD-DhUAP 223 a339.46095 SOU aSouth Asia Poverty Alleviation Programme : bsocial mobilisation through institiutional development at the grassroots : Bangladesh annual report 1996. aDhaka : bUnited Nations Development Programme,c1996. avarious pages ;c28 cm. aPoverty zSouth Asia. aSouth Asia Poverty Alleviation Programme.  aSouth Asia vEconomic conditions. aUnited Nations Development Programme. 2ddccBK 00102ddc4070aUAPCLbUAPCLcGeneral Stacksd2020-01-29o339.46095 SOUp3010002793r2020-01-29t1w2020-01-29yBK